[Event "World Junior Girls 2015"]
[Site "Khanty-Mansiysk RUS"]
[Date "2015.09.08"]
[Round "7.9"]
[White "Drogovoz, Irina"]
[Black "Kusenkova, Natallia"]
[Result "1-0"]
[WhiteElo "2253"]
[BlackElo "2155"]
[WhiteFideId "4176715"]
[BlackFideId "13506501"]
[EventDate "2015.09.02"]

1. d4 Nf6 2. Nf3 g6 3. c4 c5 4. d5 Bg7 5. Nc3 O-O 6. e4 d6 7. h3 e6 8. Bd3 exd5
9. exd5 Re8+ 10. Be3 Na6 11. O-O Nc7 12. Bg5 Qd7 13. Bc2 a6 14. Nd2 h6 15. Bh4
b5 16. b3 Nh7 17. Qf3 Bb7 18. Rac1 Rab8 19. Bg3 Be5 20. Bxe5 Rxe5 21. Qf4 Kg7
22. Nce4 bxc4 23. bxc4 Ne8 24. Nxc5 Qc7 25. Nxb7 Rxb7 26. Rb1 Rxb1 27. Rxb1 Nhf6
28. Nf3 Re7 29. Bd3 Qa5 30. Qd2 Qa3 31. Rb3 Qa4 32. Qb4 Qd7 33. Nd4 Re5 34. Nf3
Re7 35. Qa5 Nc7 36. Rb6 Nfe8 37. Kh2 Qc8 38. Nd4 Re5 39. Nc6 Rh5 40. Kg1 Rh4 41.
Rb8 1-0

[Event "World Junior Girls 2015"]
[Site "Khanty-Mansiysk RUS"]
[Date "2015.09.08"]
[Round "7.10"]
[White "Sviridova, Vlada"]
[Black "Derakhshani, Dorsa"]
[Result "0-1"]
[WhiteTitle "WFM"]
[BlackTitle "WIM"]
[WhiteElo "2125"]
[BlackElo "2244"]
[WhiteFideId "24109606"]
[BlackFideId "12500330"]
[EventDate "2015.09.02"]

1. d4 Nf6 2. c4 g6 3. Nc3 Bg7 4. e4 d6 5. Nf3 O-O 6. Be2 e5 7. O-O exd4 8. Nxd4
Re8 9. f3 Nc6 10. Be3 Nh5 11. g4 Nf4 12. Qd2 Nxd4 13. Bxd4 Bxd4+ 14. Qxd4 f5 15.
Qd2 Nxe2+ 16. Qxe2 fxg4 17. fxg4 Qg5 18. Nd5 Bxg4 19. Qg2 Rf8 20. h3 c6 21. Qxg4
Qxg4+ 22. hxg4 cxd5 23. exd5 Rae8 24. Rxf8+ Kxf8 25. Rf1+ Kg7 26. Rc1 Re4 27. c5
Rxg4+ 28. Kh2 dxc5 29. Rxc5 Rd4 30. Rc7+ Kh6 31. Rxb7 Rxd5 32. Rxa7 Rd2+ 33. Kg3
Rxb2 34. a4 Rb3+ 35. Kg2 g5 36. a5 g4 37. a6 Ra3 38. Rb7 Kg6 39. a7 h5 40. Rc7
Kg5 41. Kf2 Kh4 42. Rh7 g3+ 43. Kg2 Ra2+ 44. Kf3 Rf2+ 45. Ke4 Rf8 46. Rb7 Ra8
47. Kf3 Kh3 48. Rb1 g2 0-1

[Event "World Junior Girls 2015"]
[Site "Khanty-Mansiysk RUS"]
[Date "2015.09.08"]
[Round "7.11"]
[White "Gaboyan, Susanna"]
[Black "Makarenko, Alexandra"]
[Result "0-1"]
[BlackTitle "WFM"]
[WhiteElo "2107"]
[BlackElo "2229"]
[WhiteFideId "13303627"]
[BlackFideId "4165055"]
[EventDate "2015.09.02"]

1. e4 e5 2. Nf3 Nc6 3. d4 exd4 4. Nxd4 Qh4 5. Qd3 Bc5 6. c3 Nf6 7. Nd2 Ng4 8. g3
Qf6 9. f3 Bxd4 10. cxd4 Nb4 11. Qc3 Ne3 12. Bd3 Qxd4 0-1

[Event "World Junior Girls 2015"]
[Site "Khanty-Mansiysk RUS"]
[Date "2015.09.08"]
[Round "7.12"]
[White "Rodriguez Rueda, Paula Andrea"]
[Black "Amrayeva, Aytan"]
[Result "1-0"]
[WhiteTitle "IM"]
[BlackTitle "WCM"]
[WhiteElo "2358"]
[BlackElo "2145"]
[WhiteFideId "4404564"]
[BlackFideId "13405101"]
[EventDate "2015.09.02"]

1. d4 e6 2. Nf3 Nf6 3. c4 d5 4. Nc3 Be7 5. Bf4 c6 6. e3 Ne4 7. Bd3 f5 8. O-O O-O
9. Rc1 Bd7 10. Nd2 Be8 11. f3 Nxd2 12. Qxd2 Bg6 13. Kh1 Kh8 14. Qc2 Bd6 15. Bxd6
Qxd6 16. Qb3 b6 17. c5 bxc5 18. dxc5 Qc7 19. Ne2 e5 20. f4 Nd7 21. Qc3 Rae8 22.
b4 Nf6 23. a4 Ng4 24. Qd2 Qe7 25. h3 Nf6 26. b5 exf4 27. exf4 Qe3 28. Qxe3 Rxe3
29. Rf3 Rfe8 30. bxc6 R3e7 31. Nd4 Ne4 32. Bxe4 Rxe4 33. Nb5 Bh5 34. Rb3 Rc4 35.
Rxc4 dxc4 36. Rb1 h6 37. Nd6 Re7 38. Nxc4 Kh7 39. Rb7 Re1+ 40. Kh2 Re2 41. c7
Bf3 42. Rb2 1-0

[Event "World Junior Girls 2015"]
[Site "Khanty-Mansiysk RUS"]
[Date "2015.09.08"]
[Round "7.13"]
[White "Gelip, Ioana"]
[Black "Osmanodja, Filiz"]
[Result "0-1"]
[BlackTitle "WIM"]
[WhiteElo "2139"]
[BlackElo "2309"]
[WhiteFideId "1202260"]
[BlackFideId "24633569"]
[EventDate "2015.09.02"]

1. e4 c5 2. Nf3 d6 3. d4 Nf6 4. Nc3 cxd4 5. Nxd4 g6 6. Be3 Bg7 7. f3 O-O 8. Bc4
Nc6 9. Qd2 Bd7 10. O-O-O Rc8 11. Bb3 Ne5 12. Kb1 Nc4 13. Bxc4 Rxc4 14. g4 Qb8
15. g5 Nh5 16. Nde2 Rfc8 17. Rc1 Ba4 18. Bd4 Bxd4 19. Nxd4 Nf4 20. Qxf4 e5 21.
Qh4 Rxc3 22. bxc3 exd4 23. cxd4 Rc3 24. Qe1 Qc7 25. Kb2 Rxf3 26. c3 Bb5 27. Rc2
Qa5 28. Ka1 Bd3 29. Rf2 Bc4 30. Rg1 Qa3 31. Rg3 Rxf2 0-1

[Event "World Junior Girls 2015"]
[Site "Khanty-Mansiysk RUS"]
[Date "2015.09.08"]
[Round "7.15"]
[White "Pratyusha, Bodda"]
[Black "Milosevic, Jovana"]
[Result "1-0"]
[WhiteTitle "WIM"]
[BlackTitle "WFM"]
[WhiteElo "2326"]
[BlackElo "2117"]
[WhiteFideId "5000629"]
[BlackFideId "900427"]
[EventDate "2015.09.02"]

1. d4 d5 2. c4 c6 3. Nc3 Nf6 4. e3 e6 5. Nf3 Nbd7 6. Qc2 Be7 7. b3 O-O 8. Bd3 b6
9. Bb2 Bb7 10. O-O Rc8 11. Rad1 Qc7 12. Qe2 dxc4 13. bxc4 c5 14. d5 a6 15. dxe6
fxe6 16. Ng5 Qc6 17. f4 h6 18. Nge4 Nxe4 19. Bxe4 Qc7 20. Qg4 Nf6 21. Qxe6+ Kh8
22. Bxb7 Qxb7 23. Nd5 Rfe8 24. Qh3 Qc6 25. Rf3 Ne4 26. Qf5 Bf8 27. Rh3 Rcd8 28.
Be5 Nf6 29. Qg6 Re6 30. Rf1 Ng8 31. Qc2 b5 32. Nc3 Nf6 33. Qg6 Ng8 34. Qf5 Ne7
35. Qc2 Kg8 36. Rg3 b4 37. Ne4 Nf5 38. Ng5 hxg5 39. Qxf5 gxf4 40. Qxf4 Rh6 41.
Qf7+ 1-0

[Event "World Junior Girls 2015"]
[Site "Khanty-Mansiysk RUS"]
[Date "2015.09.08"]
[Round "7.16"]
[White "Bengtsson, Jessica"]
[Black "Fataliyeva, Ulviyya"]
[Result "0-1"]
[BlackTitle "WIM"]
[WhiteElo "2056"]
[BlackElo "2301"]
[WhiteFideId "1711083"]
[BlackFideId "13403052"]
[EventDate "2015.09.02"]

1. e4 e6 2. d4 d5 3. e5 c5 4. c3 Nc6 5. Nf3 Qb6 6. a3 c4 7. Nbd2 Na5 8. Be2 Bd7
9. Rb1 h6 10. O-O Ne7 11. Re1 Nf5 12. h4 g6 13. Qc2 Be7 14. g3 O-O-O 15. b4 cxb3
16. Nxb3 Ba4 17. Nfd2 Kb8 18. Qb2 Nxb3 19. Nxb3 Bxb3 20. Qxb3 Qxb3 21. Rxb3 Rc8
22. Bd2 Bd8 23. Reb1 Bb6 24. a4 Rc7 25. Kf1 Ka8 26. Rb5 Rd7 27. Bd3 Ne7 28. a5
Bd8 29. a6 b6 30. R5b2 Nc6 31. Ke2 h5 32. Bg5 Bxg5 33. hxg5 Rc7 34. Bb5 Rhc8 35.
Kd3 Na5 36. Rc1 Nc4 37. Ra2 Kb8 38. f3 Na5 39. Rb2 Nc6 40. Rbc2 Ne7 41. Rh1 Nf5
42. Rh3 Re7 43. g4 Ng7 44. c4 dxc4+ 45. Rxc4 Rxc4 46. Kxc4 Rc7+ 47. Kd3 Rc1 48.
Rh2 Kc7 49. Ke4 Kd8 50. Rd2 Ke7 51. d5 Re1+ 52. Kf4 exd5 53. Rxd5 Ne6+ 54. Kg3
Nc5 55. gxh5 gxh5 56. Kf4 Rg1 57. Kf5 h4 58. Rd2 h3 59. f4 Rg2 60. Rd1 h2 61.
Rh1 Rb2 62. Bc4 b5 63. Bd5 Rd2 64. Bf3 b4 65. Rc1 Nb3 66. Rc7+ Rd7 67. Rxd7+
Kxd7 68. Kf6 Nd4 69. Kxf7 b3 70. g6 b2 71. Bg4+ Kc7 72. g7 h1=Q 73. g8=Q Qd5+ 0-1

[Event "World Junior Girls 2015"]
[Site "Khanty-Mansiysk RUS"]
[Date "2015.09.08"]
[Round "7.17"]
[White "Assaubayeva, Bibissara"]
[Black "Ivanova, Karina"]
[Result "1-0"]
[WhiteTitle "WFM"]
[BlackTitle "WFM"]
[WhiteElo "2241"]
[BlackElo "2177"]
[WhiteFideId "13708694"]
[BlackFideId "24139750"]
[EventDate "2015.09.02"]

1. d4 Nf6 2. c4 e6 3. Nf3 b6 4. g3 Bb7 5. Bg2 Be7 6. O-O O-O 7. d5 exd5 8. Nh4
c6 9. cxd5 Nxd5 10. Nf5 Nc7 11. e4 d5 12. Re1 Bf6 13. e5 Bc8 14. g4 Bg5 15. f4
Bxf5 16. gxf5 Be7 17. Be3 Nba6 18. Nd2 c5 19. Nf1 Rb8 20. Ng3 d4 21. Bf2 Bh4 22.
f6 Bxg3 23. Bxg3 g6 24. f5 d3 25. Qd2 Kh8 26. fxg6 fxg6 27. e6 Rxf6 28. Be5 Kg8
29. Bxf6 Qxf6 30. Qxd3 Rd8 31. Qe4 Nb4 32. e7 Re8 33. Rad1 Qxb2 34. Rd8 Qxa2 35.
Qf4 1-0

[Event "World Junior Girls 2015"]
[Site "Khanty-Mansiysk RUS"]
[Date "2015.09.08"]
[Round "7.18"]
[White "Monnisha, G K"]
[Black "Utiatskaja, Irina"]
[Result "1/2-1/2"]
[WhiteTitle "WFM"]
[BlackTitle "WFM"]
[WhiteElo "2004"]
[BlackElo "2201"]
[WhiteFideId "5009936"]
[BlackFideId "24140848"]
[EventDate "2015.09.02"]

1. e4 c5 2. Nf3 d6 3. d4 cxd4 4. Nxd4 Nf6 5. Nc3 a6 6. h3 e5 7. Nde2 h5 8. Bg5
Be7 9. Bxf6 Bxf6 10. Nd5 Bg5 11. Nec3 g6 12. Bc4 O-O 13. O-O b5 14. Bb3 Nc6 15.
Ne2 Be6 16. Qd3 Rc8 17. c3 Na5 18. f4 Nxb3 19. axb3 Bxd5 20. Qxd5 Qb6+ 21. Kh1
Rc5 22. Qd3 exf4 23. Nxf4 Bxf4 24. Rxf4 Re5 25. Rf6 Rd8 26. Raf1 Rd7 27. Rd1 Qb7
28. Rxd6 Rxd6 29. Qxd6 Rxe4 30. Qf6 Re8 31. b4 Kh7 32. Rf1 Kg8 33. Rd1 Kh7 34.
Rf1 Kg8 35. Rd1 Kh7 1/2-1/2

[Event "World Junior Girls 2015"]
[Site "Khanty-Mansiysk RUS"]
[Date "2015.09.08"]
[Round "7.19"]
[White "Vasova, Maria"]
[Black "Saranya, J"]
[Result "1-0"]
[BlackTitle "WFM"]
[WhiteElo "2069"]
[BlackElo "2144"]
[WhiteFideId "2900955"]
[BlackFideId "5031931"]
[EventDate "2015.09.02"]

1. e4 c5 2. Nf3 d6 3. d4 cxd4 4. Nxd4 Nf6 5. Nc3 a6 6. Be2 e5 7. Nb3 Be6 8. f4
Qc7 9. O-O Be7 10. f5 Bc4 11. a4 Nbd7 12. Kh1 Rd8 13. a5 Qc6 14. Bxc4 Qxc4 15.
Ra4 Qc6 16. Qe2 Rc8 17. Nd2 Qc7 18. Rc4 Qd8 19. Rxc8 Qxc8 20. Nc4 Qc6 21. Bg5
Qc5 22. Rd1 h5 23. Be3 Qc6 24. Qd3 Ng4 25. Bg1 Rh6 26. b4 g6 27. fxg6 Rxg6 28.
h3 Nh6 29. Nd5 Bd8 30. Bf2 Ng8 31. Ndb6 Bxb6 32. axb6 d5 33. Qxd5 Qxd5 34. Rxd5
Ngf6 35. Nd6+ Kf8 36. Rd3 Ne8 37. Nxb7 Nxb6 38. Rd8 Na4 39. Ra8 Ke7 40. c4 Nc7
41. Rh8 Rc6 42. c5 Ne6 43. Rxh5 Nc3 44. Nd6 a5 45. Rh7 Rxd6 46. cxd6+ Kxd6 47.
bxa5 Nxe4 48. Rxf7 N6g5 49. Rf5 Ke6 50. Rxg5 1-0

[Event "World Junior Girls 2015"]
[Site "Khanty-Mansiysk RUS"]
[Date "2015.09.08"]
[Round "7.20"]
[White "Lingur, Zalina"]
[Black "Thomas, Anysia"]
[Result "1/2-1/2"]
[WhiteTitle "WFM"]
[WhiteElo "2128"]
[BlackElo "2035"]
[WhiteFideId "34165670"]
[BlackFideId "670472"]
[EventDate "2015.09.02"]

1. e4 c6 2. d4 g6 3. Nc3 d5 4. h3 Bg7 5. Nf3 Nf6 6. Bd3 dxe4 7. Nxe4 Nxe4 8.
Bxe4 Bf5 9. Bxf5 Qa5+ 10. Bd2 Qxf5 11. O-O O-O 12. Re1 e6 13. Ne5 Rd8 14. Qc1
Qh5 15. c3 Nd7 16. Ng4 Re8 17. Nh6+ Bxh6 18. Bxh6 f6 19. Bf4 e5 20. dxe5 Nxe5
21. Qc2 Nf7 22. Qb3 Qf5 23. Bg3 b5 24. a4 Qd7 25. axb5 cxb5 26. Red1 Qb7 27. Rd5
a6 28. Rad1 Re7 29. Bf4 Kg7 30. Be3 Rae8 31. Qb4 Re4 32. Rd7 Qxd7 33. Rxd7 Rxb4
34. cxb4 Rd8 35. Ra7 Rd6 36. Bc5 Re6 37. Kf1 g5 38. g4 h6 39. Kg2 Kg6 40. Bd4
Rd6 41. Bc5 Re6 42. Kg3 Nd6 43. Kg2 Nf7 44. h4 gxh4 45. f4 Re2+ 46. Kh3 Rxb2 47.
Rxa6 h5 48. g5 Nxg5+ 49. fxg5 Kxg5 50. Ra3 Rb1 51. Rf3 Rh1+ 52. Kg2 Rb1 53. Be3+
Kg6 54. Bd2 Rb2 55. Rf2 Rb3 56. Rf3 Rb2 57. Rd3 Kf5 58. Kh3 Ke4 59. Rd6 f5 60.
Kxh4 f4 61. Kh3 f3 62. Kg3 h4+ 63. Kh3 Rb1 64. Be1 Ke5 65. Rd8 f2 66. Bxf2 Rxb4
67. Bxh4 Rb3+ 68. Kg2 Ke4 69. Kf2 b4 70. Ke2 Rb2+ 71. Kd1 b3 72. Kc1 Rg2 73. Bf6
Kf5 74. Bh8 Ke4 75. Kb1 Rh2 76. Bc3 Rg2 77. Bd2 Rg3 78. Bc1 Rd3 79. Re8+ Kd5 80.
Kb2 Rh3 81. Be3 Kc4 82. Rc8+ Kd5 83. Bb6 Rf3 84. Ba5 Ke4 85. Bc3 Rf7 86. Kxb3
Rb7+ 87. Kc4 Kf5 88. Re8 Rd7 89. Bd4 Kf4 90. Kd3 Rd5 91. Re1 Kf5 92. Rf1+ Ke6
93. Rf6+ Ke7 94. Rh6 Rf5 95. Ke4 Rb5 96. Be5 Kd7 97. Rd6+ Ke7 98. Kf5 Rb1 99.
Rc6 Rf1+ 100. Bf4 Kd7 101. Rc7+ Kd8 102. Ra7 Kc8 103. Rf7 Kd8 104. Ke6 Re1+ 105.
Be5 Kc8 106. Rc7+ Kd8 107. Rb7 Rc1 108. Rb8+ Rc8 109. Rb4 Rc6+ 110. Bd6 Rc2 111.
Be5 Rc6+ 112. Kd5 Rh6 113. Bd6 Kd7 114. Rb7+ Kc8 115. Rc7+ Kd8 116. Kc6 Ke8 117.
Re7+ Kd8 118. Rf7 Re6 119. Rf5 Re2 120. Rf8+ Re8 121. Rf7 Re6 122. Rf4 Re2 123.
Bc5 Re6+ 124. Kd5 Rg6 125. Bd6 Kd7 126. Rf7+ Ke8 127. Rb7 Rh6 128. Re7+ Kd8 129.
Kc6 Rh1 130. Rf7 Re1 131. Bb4 Re6+ 132. Bd6 Re2 1/2-1/2

[Event "World Junior Girls 2015"]
[Site "Khanty-Mansiysk RUS"]
[Date "2015.09.08"]
[Round "7.21"]
[White "Badamkhand, Norovsambuu"]
[Black "Hoare, Amy B"]
[Result "1-0"]
[WhiteElo "2001"]
[BlackElo "2088"]
[WhiteFideId "4901681"]
[BlackFideId "418366"]
[EventDate "2015.09.02"]

1. d4 d5 2. c4 e6 3. Nc3 Be7 4. cxd5 exd5 5. Qc2 g6 6. Bf4 c6 7. e3 Bf5 8. Bd3
Bxd3 9. Qxd3 Bd6 10. Bg3 Nf6 11. Nf3 O-O 12. Ne5 Re8 13. f4 Nh5 14. O-O-O Nd7
15. Bf2 Bxe5 16. dxe5 b5 17. g4 Ng7 18. h4 Nc5 19. Qc2 b4 20. Na4 Ne4 21. h5
Nxf2 22. Qxf2 Ne6 23. Rdf1 d4 24. hxg6 fxg6 25. f5 dxe3 26. Qxe3 Qg5 27. Qxg5
Nxg5 28. e6 Ne4 29. Rhg1 Rf8 30. Rd1 Rfd8 31. Rde1 Nf2 32. Re3 Nd3+ 33. Kc2 Nf4
34. Nc5 Nd5 35. Rf3 Nf6 36. g5 Ne8 37. f6 Nc7 38. e7 Rd5 39. f7+ 1-0

[Event "World Junior Girls 2015"]
[Site "Khanty-Mansiysk RUS"]
[Date "2015.09.08"]
[Round "7.22"]
[White "Drogovoz, Maria"]
[Black "Leonardi, Caterina"]
[Result "1-0"]
[WhiteTitle "WFM"]
[WhiteElo "1924"]
[BlackElo "2080"]
[WhiteFideId "4176731"]
[BlackFideId "14601036"]
[EventDate "2015.09.02"]

1. e4 e6 2. Qe2 c5 3. Nf3 Nc6 4. g3 g6 5. c3 Bg7 6. Bg2 Nge7 7. O-O O-O 8. Na3
d6 9. d4 cxd4 10. cxd4 Nxd4 11. Nxd4 Bxd4 12. Nb5 Bg7 13. Rd1 d5 14. exd5 Nxd5
15. Bxd5 exd5 16. Bf4 g5 17. Bc7 Qd7 18. Ba5 b6 19. Bc3 Bb7 20. Bxg7 Kxg7 21.
Nd4 Rae8 22. Qc2 Re4 23. f3 Re5 24. g4 Rfe8 25. Rac1 Rc8 26. Qd2 f6 27. Rxc8
Bxc8 28. Rc1 h5 29. Qc2 Re8 30. Qc7 Re1+ 31. Kf2 Rxc1 32. Nf5+ Kg6 33. Qxc1 hxg4
34. fxg4 d4 35. Qxc8 Qf7 36. Qh8 1-0

[Event "World Junior Girls 2015"]
[Site "Khanty-Mansiysk RUS"]
[Date "2015.09.08"]
[Round "7.23"]
[White "Garifullina, Leya"]
[Black "Musaeva, Shakhnazi"]
[Result "1-0"]
[WhiteElo "1776"]
[BlackElo "1586"]
[WhiteFideId "34127035"]
[BlackFideId "13801643"]
[EventDate "2015.09.02"]

1. e4 c5 2. Nf3 d6 3. d4 cxd4 4. Nxd4 Nf6 5. Nc3 e6 6. Be3 Be7 7. f3 a6 8. Qd2
Qc7 9. O-O-O Nc6 10. g4 Nxd4 11. Bxd4 e5 12. Be3 Be6 13. g5 Nd7 14. Nd5 Qc6 15.
Nxe7 Kxe7 16. Kb1 Rhd8 17. Qf2 Rac8 18. h4 Qa4 19. b3 Qb4 20. Bd3 Nc5 21. Qe2
Na4 22. Qd2 Nc3+ 23. Kb2 Nxd1+ 24. Qxd1 Qc3+ 25. Kb1 b5 26. h5 g6 27. h6 Rb8 28.
Qe2 Rdc8 29. Rd1 a5 30. Bd2 Qc7 31. Rc1 Qb6 32. f4 Bc4 33. Rf1 Bxd3 34. Qxd3 Qd4
35. Qxd4 exd4 36. Rd1 Rc5 37. Be1 Rbc8 38. Rxd4 Rxc2 39. Bxa5 Rc1+ 40. Kb2 R8c2+
41. Ka3 Ra1 42. Kb4 Raxa2 43. Bb6 Rab2 44. Ba7 Rc8 45. Rd3 Re2 46. Be3 Rb8 47.
Rc3 Ke6 48. Rd3 Re1 49. Rc3 f5 50. exf5+ Kxf5 51. Bd2 Re4+ 52. Ka5 Re2 53. Rd3
Rxd2 54. Rxd2 Kxf4 55. Rd5 b4 56. Ka4 Re8 57. Kxb4 Re5 58. Kc4 Kxg5 59. b4 Kf4
60. Rxe5 dxe5 61. b5 1-0

[Event "World Junior Girls 2015"]
[Site "Khanty-Mansiysk RUS"]
[Date "2015.09.08"]
[Round "7.24"]
[White "Voskresenskaya, Marta"]
[Black "Barbier, Astrid"]
[Result "1/2-1/2"]
[WhiteElo "1703"]
[BlackElo "1835"]
[WhiteFideId "34127795"]
[BlackFideId "200395"]
[EventDate "2015.09.02"]

1. d4 Nf6 2. c4 e6 3. Nf3 Bb4+ 4. Bd2 Qe7 5. g3 Nc6 6. Bg2 Bxd2+ 7. Nbxd2 d6 8.
O-O O-O 9. e4 e5 10. d5 Nb8 11. b4 a5 12. a3 Na6 13. Qb3 Bd7 14. Rfc1 c6 15. Bf1
Rfc8 16. Rab1 Rc7 17. Ne1 h5 18. Nd3 cxd5 19. cxd5 Rxc1 20. Rxc1 axb4 21. axb4
Rc8 22. Rxc8+ Bxc8 23. Nb2 h4 24. Nbc4 hxg3 25. hxg3 Qc7 26. Qa3 Ng4 27. Be2 Nf6
28. Bd3 Ng4 29. Be2 Nf6 30. Kg2 Qd7 31. Bf1 Qc7 32. Qa4 Bd7 33. Qa5 Qxa5 34.
Nxa5 Bc8 35. Nac4 Ne8 36. Nb6 Bg4 37. f3 Bh5 38. Bxa6 bxa6 39. Ndc4 Kf8 40. g4
Bg6 41. Nc8 f6 42. N4xd6 Nxd6 43. Nxd6 Ke7 44. Nf5+ Kf8 45. Nd6 Ke7 46. Nb7 Be8
47. Nc5 Bb5 48. Kg3 g5 49. Kf2 Kd6 50. Ke3 Ke7 51. Nd3 Kd6 52. Nf2 Ke7 53. Nh1
Kd6 54. Ng3 Ke7 55. Nh5 Kf7 56. Kd2 Ke7 57. Ke3 Kf7 58. Kf2 Ke7 59. Ke3 Kf7 60.
Kf2 Ke7 61. d6+ Kf7 1/2-1/2

[Event "World Junior Girls 2015"]
[Site "Khanty-Mansiysk RUS"]
[Date "2015.09.10"]
[Round "8.1"]
[White "Abdumalik, Zhansaya"]
[Black "Saduakassova, Dinara"]
[Result "1/2-1/2"]
[WhiteTitle "WGM"]
[BlackTitle "WGM"]
[WhiteElo "2380"]
[BlackElo "2409"]
[WhiteFideId "13703544"]
[BlackFideId "13700090"]
[EventDate "2015.09.02"]

1. e4 e5 2. Nf3 Nc6 3. Bb5 a6 4. Ba4 Nf6 5. O-O Be7 6. Re1 b5 7. Bb3 O-O 8. c3
d6 9. h3 Re8 10. d4 Bb7 11. Nbd2 exd4 12. cxd4 Nd7 13. Nf1 Na5 14. Bc2 Bf6 15.
Ng3 g6 16. Bf4 c5 17. Rc1 cxd4 18. b3 Qb6 19. Qd2 Ne5 20. Nh2 Rac8 21. Ng4 Nxg4
22. hxg4 Be5 23. Ne2 Rc7 24. Rcd1 Nc6 25. Bb1 Rce7 26. Bg5 Rd7 27. Nf4 Ne7 28.
Nd3 Bg7 29. f4 Nc6 30. Bh4 a5 31. f5 Ne5 32. f6 Bf8 33. Qf4 Qd8 34. g5 Re6 35.
Qg3 Nxd3 36. Bxd3 Re5 37. Qf4 h6 38. gxh6 Rc7 39. Bf2 Rh5 40. Bxd4 Bxh6 41. Qf2
Qe8 42. Bb2 Qc8 43. Qg3 Qe6 44. Bb1 Rc6 45. Re2 Rg5 46. Qh4 Rh5 47. Qg3 Rg5 48.
Qf3 Rh5 49. Qg3 1/2-1/2

[Event "World Junior Girls 2015"]
[Site "Khanty-Mansiysk RUS"]
[Date "2015.09.10"]
[Round "8.2"]
[White "Buksa, Nataliya"]
[Black "Navrotescu, Andreea-Cristiana"]
[Result "1-0"]
[WhiteTitle "WFM"]
[BlackTitle "WFM"]
[WhiteElo "2199"]
[BlackElo "2263"]
[WhiteFideId "14123622"]
[BlackFideId "675946"]
[EventDate "2015.09.02"]

1. e4 c5 2. Nf3 e6 3. d4 cxd4 4. Nxd4 Nf6 5. Bd3 Nc6 6. Nxc6 dxc6 7. O-O e5 8.
Nd2 Qc7 9. a4 Be6 10. Qe2 Bc5 11. Nc4 h6 12. Kh1 g5 13. c3 Be7 14. Ne3 O-O-O 15.
a5 Nh5 16. Qxh5 Rxd3 17. Qe2 Rd7 18. Nc4 Kb8 19. Be3 c5 20. Rfc1 f5 21. exf5
Bxf5 22. b3 h5 23. Rd1 h4 24. Qf3 Rf8 25. a6 Rxd1+ 26. Qxd1 h3 27. Qd5 hxg2+ 28.
Kg1 e4 29. axb7 Rh8 30. Ne5 Rh6 31. Kxg2 Bh3+ 32. Kg1 Qxb7 33. Qf7 Bc8 34. b4
Bd6 35. Nc6+ 1-0

[Event "World Junior Girls 2015"]
[Site "Khanty-Mansiysk RUS"]
[Date "2015.09.10"]
[Round "8.3"]
[White "Ziaziulkina, Nastassia"]
[Black "Ibrahimova, Sabina"]
[Result "1/2-1/2"]
[WhiteTitle "IM"]
[BlackTitle "WIM"]
[WhiteElo "2401"]
[BlackElo "2215"]
[WhiteFideId "13505211"]
[BlackFideId "13403893"]
[EventDate "2015.09.02"]

1. e4 c5 2. Nf3 Nc6 3. d4 cxd4 4. Nxd4 g6 5. c4 Bg7 6. Be3 Qb6 7. Nb3 Qd8 8. Qd2
Nf6 9. Nc3 O-O 10. Be2 d6 11. f3 Be6 12. Rc1 a5 13. O-O a4 14. Nd4 Nxd4 15. Bxd4
Qa5 16. Rc2 Rfc8 17. b3 axb3 18. axb3 Qb4 19. Rb1 Ra3 20. Nb5 Qxd2 21. Rxd2 1/2-1/2

[Event "World Junior Girls 2015"]
[Site "Khanty-Mansiysk RUS"]
[Date "2015.09.10"]
[Round "8.4"]
[White "Derakhshani, Dorsa"]
[Black "Mammadzada, Gunay"]
[Result "1-0"]
[WhiteTitle "WIM"]
[BlackTitle "WGM"]
[WhiteElo "2244"]
[BlackElo "2355"]
[WhiteFideId "12500330"]
[BlackFideId "13403729"]
[EventDate "2015.09.02"]

1. e4 c5 2. Nf3 d6 3. d4 cxd4 4. Nxd4 Nf6 5. Nc3 a6 6. Bc4 e6 7. Bb3 b5 8. Bg5
Be7 9. Qf3 Qb6 10. O-O-O Nbd7 11. Rhe1 O-O 12. Qg3 Nc5 13. Re3 Bb7 14. Qh4 Rfc8
15. Rg3 Kf8 16. Rf3 b4 17. Na4 Nxa4 18. Nxe6+ fxe6 19. Bxf6 Bxf6 20. Rxf6+ gxf6
21. Qxf6+ Ke8 22. Bxa4+ Rc6 23. Rxd6 Rd8 24. Qxe6+ Kf8 25. Qf6+ 1-0

[Event "World Junior Girls 2015"]
[Site "Khanty-Mansiysk RUS"]
[Date "2015.09.10"]
[Round "8.5"]
[White "Bivol, Alina"]
[Black "Paredes Bustamante, Paula"]
[Result "1-0"]
[WhiteTitle "WIM"]
[BlackTitle "WFM"]
[WhiteElo "2321"]
[BlackElo "2156"]
[WhiteFideId "4100123"]
[BlackFideId "3804992"]
[EventDate "2015.09.02"]

1. Nf3 Nf6 2. g3 d5 3. Bg2 e6 4. O-O Nbd7 5. d4 c6 6. c4 Bd6 7. Nc3 O-O 8. Nd2
Qa5 9. e4 dxe4 10. Ndxe4 Nxe4 11. Nxe4 Be7 12. Qb3 Rd8 13. Bd2 Qc7 14. Rfd1 e5
15. d5 Nc5 16. Nxc5 Bxc5 17. Bg5 f6 18. Be3 Bf8 19. dxc6 Rxd1+ 20. Rxd1 bxc6 21.
c5+ Kh8 22. Qa4 Bb7 23. Qh4 f5 24. Qh5 g6 25. Qh4 Be7 26. Bg5 Re8 27. Bf6+ Kg8
28. Bf1 Bxf6 29. Qxf6 Qf7 30. Bc4 1-0

[Event "World Junior Girls 2015"]
[Site "Khanty-Mansiysk RUS"]
[Date "2015.09.10"]
[Round "8.6"]
[White "Nguyen, Thi Thuy Trien"]
[Black "Khomeriki, Nino"]
[Result "1/2-1/2"]
[WhiteTitle "WFM"]
[BlackTitle "WFM"]
[WhiteElo "1939"]
[BlackElo "2296"]
[WhiteFideId "12404179"]
[BlackFideId "13603191"]
[EventDate "2015.09.02"]

1. e4 e5 2. d4 exd4 3. c3 d5 4. exd5 Qxd5 5. cxd4 Nf6 6. Nf3 Bg4 7. Be2 Bd6 8.
Nc3 Qf5 9. h3 Bxf3 10. Bxf3 c6 11. Qe2+ Qe6 12. Qxe6+ fxe6 13. O-O Kf7 14. Rb1
a5 15. a3 Na6 16. Ne4 Nxe4 17. Bxe4 Be7 18. f4 g6 19. g4 Bf6 20. Be3 Nc7 21. a4
Rhd8 22. Rbd1 Nd5 23. Bxd5 Rxd5 24. Rd2 Ra6 25. Rc1 Rb6 26. g5 Bg7 27. Rc4 Ke7
28. Kf2 Kd7 29. Kf3 Rb3 30. Ke4 Bf8 31. Rdc2 Bb4 32. h4 h5 33. Re2 Rf5 34. Rc1
Bd6 35. Rc4 Rf8 36. Rec2 Bb4 37. Re2 Ra8 38. Rcc2 Ra6 39. Kf3 Bd6 40. Rc3 Rb4
41. b3 Ra8 42. Rd3 Rf8 43. Bd2 Rb6 44. Re4 Rf5 45. Rde3 Ra6 46. Rxe6 Rxf4+ 47.
Ke2 Rxh4 48. Rxg6 Bf4 49. Rd3 Ra8 50. Rg7+ Kd6 51. Bxf4+ Rxf4 52. Rxb7 Rg8 53.
d5 cxd5 54. Rb6+ Ke5 55. g6 h4 56. Rb5 Rd4 57. Rxa5 Rxd3 58. Kxd3 Rxg6 59. Ra8
Rg3+ 60. Ke2 Rxb3 61. Rh8 h3 62. Kd2 Kd4 63. Rh4+ Kc5 64. Kc2 Rg3 65. a5 Kb5 66.
Rh5 Kc4 67. a6 Ra3 68. a7 Ra2+ 69. Kd1 Rxa7 70. Rxh3 Ra2 71. Rh4+ d4 72. Rh3 Rg2
73. Rf3 Rh2 74. Rg3 Kd5 75. Rg8 Ke4 76. Rg3 Rh4 77. Kd2 Rh2+ 78. Kd1 Kf4 79. Rd3
Ke4 80. Rg3 Rh4 81. Kd2 Rf4 82. Ke2 Rh4 1/2-1/2